Guía rápida de actuación en urgencias / (Registro nro. 540)

Detalles MARC
000 -LEADER
fixed length control field 01461 am a2200409 a 4500
005 - FECHA ULTIMA MODIFICACION
control field 20240614080317.0
008 - CAMPO DE CONTROL (LIBRO)
fixed length control field 100804s2002||||sp # f |||| 001 0 spa d
020 ## - INTERNATIONAL STANDARD BOOK NUMBER
ISBN 8479037679
041 ## - CODIGO DE IDIOMA
Código de idioma del texto/pista de sonido o título separado spa
092 ## - SIGNATURA TOPOGRAFICA DEWEY LOCAL
número de clasificación 616.025
libristica 53
sección MOY
100 1# - ENTRADA PRINCIPAL--NOMBRE PERSONAL
Nombre personal Moya Mir, Manuel S.
9 (RLIN) 929
245 ## - TITULO PROPIAMENTE DICHO
Título Guía rápida de actuación en urgencias /
Mención de responsabilidad y remanente de la transcripción de la portada Manuel S. Moya Mir.
250 ## - MENCION DE EDICION
Mención de edición 1a ed.
260 ## - PIE DE IMPRENTA
Lugar de publicación, distribución, etc Madrid:
Nombre de la editorial, distribuidor, etc Editorial Médica Panamericana ; Sociedad Española de Medicina de Urgencias y Emergencias;
Fecha de publicación 2002.
300 ## - DESCRIPCION FISICA
Extension 130 p.
500 ## - NOTA GENERAL
Nota general Moya Mir, M. S. (2002). Guía rápida de actuación en urgencias. (1a ed.). Madrid : Editorial Médica Panamericana ; Sociedad Española de Urgencias y Emergencias.
653 ## - TÉRMINO INDIZADO - PALABRAS CLAVES
Palabra clave Infecciones
653 ## - TÉRMINO INDIZADO - PALABRAS CLAVES
Palabra clave Urgencias cardiocirculatorias
653 ## - TÉRMINO INDIZADO - PALABRAS CLAVES
Palabra clave Urgencias respiratorias
653 ## - TÉRMINO INDIZADO - PALABRAS CLAVES
Palabra clave Urgencias nefrourológicas
653 ## - TÉRMINO INDIZADO - PALABRAS CLAVES
Palabra clave Urgencias digestivas
653 ## - TÉRMINO INDIZADO - PALABRAS CLAVES
Palabra clave Diátesis hemorrágica
653 ## - TÉRMINO INDIZADO - PALABRAS CLAVES
Palabra clave Urgencias endocrinológicas
653 ## - TÉRMINO INDIZADO - PALABRAS CLAVES
Palabra clave Urgencias neurológicas
653 ## - TÉRMINO INDIZADO - PALABRAS CLAVES
Palabra clave Urgencias psiquiátricas
653 ## - TÉRMINO INDIZADO - PALABRAS CLAVES
Palabra clave Urgencias reumatológicas
653 ## - TÉRMINO INDIZADO - PALABRAS CLAVES
Palabra clave Urgencias otorrinolaringológicas
653 ## - TÉRMINO INDIZADO - PALABRAS CLAVES
Palabra clave Urgencias oncológicas
653 ## - TÉRMINO INDIZADO - PALABRAS CLAVES
Palabra clave Reacción alérgica
653 ## - TÉRMINO INDIZADO - PALABRAS CLAVES
Palabra clave Urgencias oftalmológicas
653 ## - TÉRMINO INDIZADO - PALABRAS CLAVES
Palabra clave Urgencias ginecológicas
653 ## - TÉRMINO INDIZADO - PALABRAS CLAVES
Palabra clave Agentes físicos, irritantes y animales
653 ## - TÉRMINO INDIZADO - PALABRAS CLAVES
Palabra clave Urgencias traumatológicas
930 ## - NUMERO DE INVENTARIO
Número de inventario 1117
930 ## - NUMERO DE INVENTARIO
Número de inventario 1172
942 ## - ADDED ENTRY ELEMENTS (KOHA)
Source of classification or shelving scheme Dewey Decimal Classification
Item type Libros
Existencias
Estado de retiro Existencia Fuente de clasificación Estado general No para prestamo Colección Ubicación permanente ubicación actual Sala de ubicación Fecha de adquisición Total Checkouts Número de clasificación Código de barras Date last seen Número de ejemplar Price effective from Koha tipo de elemento (item) Public note Date last borrowed
    Dewey Decimal Classification     Reference Biblioteca Medicina Biblioteca Medicina Referencia 13/05/2011   616.025 53 MOY 1117 06/11/2014 ej.1 18/08/2011 Reference LIBRO DE CONSULTA  
            Biblioteca Medicina Biblioteca Medicina Circulación 13/05/2011 3 616.025 53 MOY 1172 28/04/2025 ej.2 13/05/2011 Libros   21/04/2025

UNIVERSIDAD NACIONAL DEL COMAHUE
Biblioteca de la Facultad de Ciencias Médicas
Sede Toschi: Los Arrayanes y Av. Toschi, Cipolletti  - Rio Negro
Sede Los Tordos:  Yrigoyen al 2211, Cipolletti - Rio Negro 

Teléfono: 0299 - 4774707 int 25
Contacto: biblioteca@facimed.uncoma.edu.ar
© 2011 - 2026